000 01085nam a22001937a 4500
003 OSt
005 20251116163914.0
008 251116b |||||||| |||| 00| 0 eng d
040 _cDCL
082 _a၂၉၄.၃၈၂၄၁
130 _aတိပိဋက။
_pအဘိဓမ္မာပိဋက။
_tဓမ္မသင်္ဂဏီ၊
_lပါဠိတော်နိဿယ။
245 _aဓမ္မသင်္ဂဏီပါဠိတော်နိဿယ /
_cအရှင်အဂ္ဂဓမ္မထေရ်။
250 _aဒုတိယအကြိမ်။
264 _aရန်ကုန် ၊
_bဣစ္ဆာသယပိဋကတ်စာပုံနှိပ်တိုက်၊
_c၁၉၇၀။
300 _aဇ၊ ၅၀၄ စာမျက်နှာ ၊
_c၂၅ စင်တီ။
650 _aဓမ္မသင်္ဂဏီ
_vပါဠိတော်နိဿယ။
700 _aအဂ္ဂဓမ္မထေရ်၊ အရှင်
942 _2ddc
_cSHORT TERM
_n0
999 _c2483
_d2483